000 03481cam a2200313 4500500
005 20251228053008.0
041 _afre
042 _adc
100 1 0 _aIraki, Aziz
_eauthor
245 0 0 _aL'organisation des solidarités dans des territoires en construction : quartiers restructurés au Maroc
260 _c2007.
500 _a56
520 _aRésuméEn tant que territoire en construction, les quartiers d’habitat non réglementaires ou les quartiers restructurés présentent des solidarités nourries de conditions de vie communes et d’un sentiment d’abandon et de marginalisation mais organisées à différents niveaux de territoire. Pour ce faire, plusieurs appartenances sont alors instrumentalisées. Cet article voudrait surtout insister sur le rôle primordial joué par les lieux de culte dans l’organisation même de ces solidarités. Représentants de l’autorité ou élites locales les ont longtemps manipulés dans l’encadrement des populations. Une situation qui connaît actuellement des changements conjoncturels à travers les nouvelles dispositions prises dans la lutte contre le terrorisme ou les revirements constatés dans le mode d’intervention sur l’habitat insalubre au Maroc.
520 _aAs areas under construction, non-regulated or restructured neighbourhoods display solidarities sustained by the living conditions as well as the feelings of being abandoned and marginalised shared by their populations and yet organized at different territorial levels. In the process, many loyalties are instrumentalized. This article seeks to focus on the primordial role played by places of worship (mosques and prayer rooms) in the very organization of these solidarities. Representatives of authorities or local elites have long manipulated these solidarities in their management of populations, a situation which is currently undergoing conjunctural changes as a result of new arrangement put in place in the struggle against terrorism or in the abrupt changes in the mode of intervention with regard to insanitary dwellings in Morocco.
520 _aResumenComo territorio en construcción los barrios de uso habitacional no reglamentados o los barrios reestructurados presentan solidaridades alimentadas de condiciones comunes de vida y de un sentimiento de abandono y de marginación pero organizadas a diferentes niveles de territorio. Para lograrlo, diversas pertenencias son instrumentalizadas. Este artículo subraya sobre todo el papel primordial jugado por los lugares de culto en la misma organización de estas solidaridades. Representantes de la autoridad o las elites locales los manipularon mucho tiempo en el encuadramiento de las poblaciones. Situación que conoce actualmente cambios coyunturales a través de las nuevas disposiciones tomadas en la lucha contra el terrorismo, o los cambios constatados en el modo de intervención sobre el hábitat insalubre en Marruecos.
690 _aaction politique
690 _aappartenances
690 _ahabitat non réglementaire
690 _alieux de culte
690 _asolidarité
690 _aterritoire
690 _anon-regulated dwelling
690 _aplaces of worship
690 _apolitical action
690 _asolidarity
690 _aterritory
786 0 _nEspaces et sociétés | 127 | 4 | 2007-02-15 | p. 63-77 | 0014-0481
856 4 1 _uhttps://shs.cairn.info/revue-espaces-et-societes-2006-4-page-63?lang=fr&redirect-ssocas=7080
999 _c1584944
_d1584944